[Event "C.P.A. Zevio 2019"]
[Site "?"]
[Date "2019.01.25"]
[Round "1.1"]
[White "Modena, Giorgio"]
[Black "De Santis, Alessio"]
[Result "0-1"]
[WhiteElo "1887"]
[BlackElo "2283"]
[PlyCount "54"]
[EventDate "2019.??.??"]

1. e4 c5 2. Nf3 e6 3. d4 cxd4 4. Nxd4 a6 5. Bd3 Qc7 6. Be3 Nf6 7. Nd2 d5 8. c3
e5 9. Nc2 Be6 10. f3 Nbd7 11. Nb3 dxe4 12. Bxe4 Nxe4 13. fxe4 Nf6 14. Nd2 Bg4
15. Nf3 Rd8 16. Qe2 Be7 17. Bd2 O-O 18. O-O-O Bh5 19. Bg5 h6 20. Bxf6 Bxf6 21.
Nb4 Qa5 22. Rxd8 Rxd8 23. Rd1 Rc8 24. Kb1 Bg6 25. Ka1 Qa4 26. Rd5 Qxb4 27. Nxe5
Qxe4 0-1

[Event "C.P.A. Zevio 2019"]
[Site "?"]
[Date "2019.01.25"]
[Round "1.2"]
[White "Luciani, Valerio"]
[Black "Negro, Raffaele"]
[Result "1-0"]
[WhiteElo "2165"]
[BlackElo "1842"]
[PlyCount "75"]
[EventDate "2019.??.??"]

1. d4 e6 2. e4 d5 3. e5 c5 4. c3 Qb6 5. Nf3 Nc6 6. a3 Nge7 7. b4 cxd4 8. cxd4
Nf5 9. Bb2 Bd7 10. Be2 Rc8 11. O-O g6 12. g4 Ng7 13. Nc3 h5 14. h3 a5 15. Na4
Qd8 16. b5 Na7 17. Nc3 Qb6 18. a4 Bb4 19. Na2 Be7 20. Qd2 Qd8 21. Bc3 b6 22.
Kg2 h4 23. Bd3 g5 24. Bb2 f5 25. exf6 Bxf6 26. Bg6+ Kf8 27. Ne5 Be8 28. f4 gxf4
29. Ba3+ Kg8 30. Qxf4 Bxg6 31. Nxg6 Ne8 32. Nxh8 Kxh8 33. Qh6+ Kg8 34. Qg6+ Kh8
35. g5 Bg7 36. Qh5+ Kg8 37. g6 Rc2+ 38. Kh1 1-0

[Event "C.P.A. Zevio 2019"]
[Site "?"]
[Date "2019.01.25"]
[Round "1.3"]
[White "Adami, Antonio"]
[Black "Vincenzi, Marco"]
[Result "0-1"]
[WhiteElo "1787"]
[BlackElo "2069"]
[PlyCount "42"]
[EventDate "2019.??.??"]

1. d4 Nf6 2. Bf4 c5 3. e3 cxd4 4. exd4 g6 5. Nf3 Bg7 6. Be2 Qb6 7. b3 Nc6 8. c3
d6 9. O-O O-O 10. Qc1 Bf5 11. Nbd2 Nd5 12. Nc4 Qc7 13. Bd2 Rac8 14. Nh4 Bd7 15.
Ne3 Nf4 16. Qe1 e5 17. dxe5 dxe5 18. Nd1 Rfe8 19. Rc1 Rcd8 20. Bxf4 exf4 21.
Qd2 Bg4 0-1

[Event "C.P.A. Zevio 2019"]
[Site "?"]
[Date "2019.01.25"]
[Round "1.4"]
[White "Fratton, Zeno"]
[Black "Pieropan, Giorgio"]
[Result "1-0"]
[WhiteElo "2052"]
[BlackElo "1786"]
[PlyCount "89"]
[EventDate "2019.??.??"]

1. c4 Nf6 2. Nf3 g6 3. g3 Bg7 4. Bg2 O-O 5. O-O c5 6. d4 cxd4 7. Nxd4 Nc6 8.
Nc3 a6 9. e3 Qc7 10. b3 b6 11. Ba3 Re8 12. Rc1 Bb7 13. Nd5 Qd8 14. Nxc6 Bxc6
15. Nxe7+ Rxe7 16. Bxc6 Re6 17. Bxa8 Qxa8 18. Bb2 Qe8 19. Bxf6 Bxf6 20. Qf3 Bg5
21. Rcd1 h5 22. Rd5 Qe7 23. Rfd1 d6 24. h4 Bh6 25. b4 Rf6 26. Qe2 Re6 27. c5
bxc5 28. bxc5 dxc5 29. Rd8+ Kh7 30. Qf3 Rf6 31. Qa8 Bg7 32. Re8 Qc7 33. Rc8 Qa5
34. Qd5 Rf5 35. Qc4 Qb6 36. e4 Rf3 37. Kg2 Rf6 38. Qxc5 Qe6 39. Qc4 Qb6 40. Rd2
Re6 41. Rc2 Qb7 42. Rc7 Qa8 43. Rxf7 Rxe4 44. Qc6 Qxc6 45. Rxc6 1-0

[Event "C.P.A. Zevio 2019"]
[Site "?"]
[Date "2019.01.25"]
[Round "1.5"]
[White "Bonini, Roberto"]
[Black "Zanchetta, Nicola"]
[Result "0-1"]
[WhiteElo "1785"]
[BlackElo "2018"]
[PlyCount "86"]
[EventDate "2019.??.??"]

1. e4 c5 2. Nf3 e6 3. d4 cxd4 4. Nxd4 Bc5 5. Nb3 Bb6 6. Nc3 Ne7 7. Be2 O-O 8.
O-O f5 9. Bg5 fxe4 10. Nxe4 d5 11. Nec5 Qd6 12. Ne4 Qc7 13. Nc3 a6 14. Bf3 Nbc6
15. Kh1 Qe5 16. Bxe7 Nxe7 17. Qe2 Qf4 18. Nd2 Nf5 19. g3 Qg5 20. Nb3 Bd7 21.
Bg2 Rae8 22. Qd2 Qf6 23. a4 Rf7 24. a5 Ba7 25. Rae1 Ref8 26. f4 Nxg3+ 27. hxg3
Qh6+ 28. Bh3 e5 29. f5 Qxh3+ 30. Qh2 Qxh2+ 31. Kxh2 Rxf5 32. Rxf5 Rxf5 33. Nxd5
Rf2+ 34. Kh1 Bc6 35. c4 Rxb2 36. Nc1 Rc2 37. Nd3 Rxc4 38. Rxe5 Bb8 39. Rf5 Rd4
40. N3b4 Rxb4 41. Kh2 Rb2+ 42. Kg1 Bxd5 43. Rxd5 Bxg3 0-1

[Event "C.P.A. Zevio 2019"]
[Site "?"]
[Date "2019.01.25"]
[Round "1.6"]
[White "Marin, Alessandro"]
[Black "Passon, Stefano"]
[Result "0-1"]
[WhiteElo "1978"]
[BlackElo "1738"]
[PlyCount "136"]
[EventDate "2019.??.??"]

1. e4 e5 2. Nf3 Nc6 3. d4 exd4 4. Nxd4 Nf6 5. Nxc6 bxc6 6. e5 Qe7 7. Qe2 Nd5 8.
c4 Ba6 9. b3 g6 10. f4 Bg7 11. Qe4 f5 12. Qf3 Nb4 13. Qe2 O-O 14. g3 Rab8 15.
Bb2 Rfe8 16. a3 Nd5 17. Qf2 Nb6 18. Nd2 c5 19. Bg2 Nxc4 20. Nxc4 Rxb3 21. Qc2
Reb8 22. Bc1 Qe6 23. Ne3 Bd3 24. Qxb3 Rxb3 25. Bd5 Qxd5 26. Nxd5 Be4 27. O-O
Bxd5 28. Rf2 c4 29. Rb2 Bf8 30. Rxb3 cxb3 31. Kf2 Bc5+ 32. Ke2 Kf7 33. Bb2 Ke6
34. Rc1 Bb6 35. Kd3 Be4+ 36. Kc3 Bc2 37. h3 Kd5 38. Kd2 Bf2 39. g4 Ke4 40. Rf1
Be3+ 41. Ke1 Bxf4 42. gxf5 gxf5 43. Rg1 Bxe5 44. Bxe5 Kxe5 45. Kd2 f4 46. Rg7
Ke6 47. Rg4 Ke5 48. Rg7 Bf5 49. Kc3 Bxh3 50. Re7+ Be6 51. Rxh7 Ke4 52. Rh4 Ke3
53. Rh5 Kf2 54. Kd2 c6 55. Rh8 Bc4 56. Kc3 d5 57. Rh7 a5 58. Kd2 a4 59. Rg7 f3
60. Rg5 d4 61. Rg7 d3 62. Kc3 Bb5 63. Rg5 Kf1 64. Rg7 f2 65. Rg5 b2 66. Kxb2 d2
67. Kc2 Ke1 68. Re5+ Be2 0-1

[Event "C.P.A. Zevio 2019"]
[Site "?"]
[Date "2019.01.25"]
[Round "1.7"]
[White "Bonavigo, Claudio"]
[Black "Faccia, Sergio"]
[Result "0-1"]
[WhiteElo "1730"]
[BlackElo "1977"]
[PlyCount "96"]
[EventDate "2019.??.??"]

1. e4 e5 2. Nf3 Nc6 3. d4 exd4 4. Nxd4 Nf6 5. Nc3 Bb4 6. Nxc6 bxc6 7. Bd3 O-O
8. O-O Re8 9. Bg5 h6 10. Bxf6 Qxf6 11. Qf3 Qxf3 12. gxf3 Bxc3 13. bxc3 d6 14.
Kg2 Rb8 15. Rfb1 Be6 16. a3 Rb6 17. Rxb6 axb6 18. f4 f6 19. f5 Bf7 20. f3 Re5
21. Kf2 Rc5 22. a4 Ra5 23. c4 Rc5 24. Ke3 Ra5 25. Kd4 Be8 26. Kc3 Kf8 27. Ra3
Ke7 28. f4 d5 29. cxd5 cxd5 30. exd5 Rxd5 31. Kc4 Rc5+ 32. Kb4 Ra5 33. Bb5 c6
34. Bd3 Bd7 35. Be4 Bxf5 36. Bxc6 Bxc2 37. Bb5 Ra7 38. Re3+ Kd6 39. Re2 Bb1 40.
Bc4 Bf5 41. Rd2+ Kc7 42. Re2 Kd6 43. Rd2+ Ke7 44. Re2+ Kd8 45. Bb5 Re7 46. Rxe7
Kxe7 47. Kc4 Kd6 48. Be8 g5 0-1

[Event "C.P.A. Zevio 2019"]
[Site "?"]
[Date "2019.01.25"]
[Round "1.8"]
[White "Bertani, Gianfranco"]
[Black "Rossero, Tullio"]
[Result "1-0"]
[WhiteElo "1961"]
[BlackElo "1721"]
[PlyCount "51"]
[EventDate "2019.??.??"]

1. d4 Nf6 2. Bf4 e6 3. e3 d5 4. Bd3 Bd6 5. Bg3 Qe7 6. Nf3 O-O 7. Nbd2 Nbd7 8.
Ne5 c5 9. c3 g6 10. f4 Nh5 11. Bf2 f5 12. O-O Ndf6 13. Bh4 Qc7 14. Be2 Ng7 15.
Bxf6 Rxf6 16. g4 Bxe5 17. dxe5 Rf7 18. g5 Bd7 19. Nf3 Qb6 20. Qd2 Bc6 21. b4
cxb4 22. cxb4 Rc7 23. Nd4 Rac8 24. a4 a6 25. Rfb1 Qa7 26. b5 1-0

[Event "C.P.A. Zevio 2019"]
[Site "?"]
[Date "2019.01.25"]
[Round "1.9"]
[White "Pisani, Valerio"]
[Black "Malni, Riccardo"]
[Result "0-1"]
[WhiteElo "1713"]
[BlackElo "1957"]
[PlyCount "81"]
[EventDate "2019.??.??"]

1. d4 Nf6 2. Nf3 b6 3. c4 e6 4. Nc3 Bb4 5. Bg5 h6 6. Bd2 Qe7 7. e3 Bxc3 8. Bxc3
Ne4 9. Qc2 Bb7 10. Bd3 Nxc3 11. Qxc3 d6 12. O-O Nd7 13. e4 e5 14. Rad1 O-O 15.
Bc2 Rad8 16. Rd2 g5 17. h3 f6 18. Qe3 Qh7 19. Rfd1 Bc8 20. b4 exd4 21. Nxd4 Ne5
22. Bb3 Kh8 23. Nf3 Nxf3+ 24. Qxf3 Rde8 25. Bc2 Bb7 26. Re2 Re5 27. Qd3 Rfe8
28. f3 f5 29. Rde1 f4 30. Qd4 Qg7 31. Ba4 R8e7 32. Bb3 h5 33. Bc2 Bc8 34. Qf2
Qf6 35. Kh2 g4 36. hxg4 hxg4 37. fxg4 Rh7+ 38. Kg1 Bxg4 39. Rd2 f3 40. Bd1 Qh6
41. Qg3 0-1

[Event "C.P.A. Zevio 2019"]
[Site "?"]
[Date "2019.01.25"]
[Round "1.10"]
[White "Bortolazzi, Michele"]
[Black "Mattavelli, Italo"]
[Result "1-0"]
[WhiteElo "1921"]
[BlackElo "1705"]
[PlyCount "31"]
[EventDate "2019.??.??"]

1. e4 c5 2. Nf3 e6 3. c4 d6 4. d4 cxd4 5. Nxd4 Nc6 6. Nc3 Nf6 7. Be3 Be7 8. Be2
a6 9. O-O Qc7 10. Rc1 O-O 11. Nd5 exd5 12. cxd5 Qd7 13. dxc6 bxc6 14. Nxc6 Nxe4
15. Bf3 d5 16. Bxe4 1-0

[Event "C.P.A. Zevio 2019"]
[Site "?"]
[Date "2019.01.25"]
[Round "1.11"]
[White "Avanzini, Angelo"]
[Black "Magnabosco, Mauro Denis"]
[Result "0-1"]
[WhiteElo "1546"]
[BlackElo "1692"]
[PlyCount "142"]
[EventDate "2019.??.??"]

1. e4 c5 2. Nf3 e6 3. Nc3 a6 4. d4 cxd4 5. Nxd4 Nc6 6. Be2 Qc7 7. Be3 Nf6 8.
O-O Bb4 9. a3 Bxc3 10. bxc3 Nxe4 11. Qd3 d5 12. c4 Ne5 13. Bf4 Nxd3 14. Bxc7
Ndc5 15. cxd5 exd5 16. Bf3 O-O 17. Rfe1 Ne6 18. Nxe6 Bxe6 19. Bxe4 dxe4 20.
Rxe4 Rfc8 21. Ba5 Rxc2 22. Rd4 Rac8 23. Rd8+ Rxd8 24. Bxd8 b5 25. Ba5 Rc6 26.
f3 h5 27. g3 Rc4 28. Rd1 Rc6 29. f4 Kh7 30. Kf2 Kg6 31. Rd2 Kf5 32. Kf3 g5 33.
fxg5 Kxg5 34. Bb4 Rc8 35. Ba5 Kg6 36. Kf4 Rc4+ 37. Kf3 Ra4 38. Bb4 a5 39. Bd6
b4 40. axb4 axb4 41. Rb2 b3 42. Be5 Kf5 43. Bc3 Bd5+ 44. Kf2 Kg4 45. Bf6 Kf5
46. Bc3 h4 47. gxh4 Rxh4 48. Kg3 Rg4+ 49. Kh3 Rg8 50. Rd2 Be6 51. Kh4 Rg4+ 52.
Kh5 Rg6 53. h4 Kf4 54. Rd4+ Kf3 55. Rd3+ Ke2 56. Rd2+ Kf1 57. Rd1+ Kg2 58. Rd2+
Kf3 59. Rd3+ Kf4 60. Rd4+ Kf5 61. Rd2 Rg3 62. Bb2 Ke4 63. Kh6 Rg6+ 64. Kh7 Kf5
65. Kh8 Kf4 66. Rf2+ Kg4 67. Rg2+ Kh5 68. Rxg6 Kxg6 69. Kg8 Bg4 70. Kf8 f5 71.
Ke7 f4 0-1

[Event "C.P.A. Zevio 2019"]
[Site "?"]
[Date "2019.01.25"]
[Round "1.12"]
[White "Casarotto, Michele"]
[Black "Zonta, Riccardo"]
[Result "1-0"]
[WhiteElo "1657"]
[BlackElo "1542"]
[PlyCount "67"]
[EventDate "2019.??.??"]

1. e4 d5 2. exd5 Qxd5 3. Nc3 Qd8 4. Nf3 Nf6 5. d4 c6 6. h3 h6 7. Bc4 Bf5 8. O-O
e6 9. a3 Be7 10. Re1 O-O 11. Bd3 Bxd3 12. Qxd3 Nbd7 13. Ne2 Re8 14. b4 a6 15.
c4 Bd6 16. Rb1 Rb8 17. Kf1 Kf8 $11 18. Bf4 Bxf4 19. Nxf4 Qc7 20. Ne5 Nxe5 21.
dxe5 Rbd8 22. Qg3 Ng8 23. Nh5 f6 24. Qf4 Qf7 25. Ng3 fxe5 $11 26. Qxe5 Rd2 27.
Ne4 Ra2 28. Rb3 Nf6 29. Rf3 Kg8 30. Nxf6+ gxf6 31. Rxf6 Qg7 32. Re3 Kh7 33. Rg3
Qe7 34. Qe4+ 1-0

[Event "C.P.A. Zevio 2019"]
[Site "?"]
[Date "2019.01.25"]
[Round "1.13"]
[White "Antolini, Aldo"]
[Black "Conati, Kevin"]
[Result "0-1"]
[WhiteElo "1541"]
[BlackElo "1649"]
[PlyCount "84"]
[EventDate "2019.??.??"]

1. e4 c5 2. Nf3 Nc6 3. d4 cxd4 4. Bc4 Nf6 5. e5 d5 6. exd6 Qxd6 7. O-O g6 8.
Re1 Bg7 9. c3 Bg4 10. Be2 Rd8 11. cxd4 Nxd4 12. Qa4+ Qc6 13. Nxd4 Qxa4 14. Bb5+
Bd7 15. Bxa4 Bxa4 16. Be3 Ng4 17. Nc3 Nxe3 18. fxe3 Bxd4 19. Nxa4 Bg7 20. Re2
O-O 21. Rc1 Rc8 22. Rec2 Rxc2 23. Rxc2 b5 24. Nc3 Rc8 25. Rc1 b4 26. Ne2 Rxc1+
27. Nxc1 Bxb2 28. Nd3 Bc3 29. Kf2 e5 30. Ke2 Kf8 31. Nc5 Ke7 32. Kd3 f5 33. Nb3
Kd6 34. a3 Kd5 35. axb4 Bxb4 36. Na1 a5 37. Nc2 e4+ 38. Ke2 Kc4 39. Nd4 a4 40.
Kd1 a3 41. Kc2 a2 42. Nb3 Bc3 0-1

[Event "C.P.A. Zevio 2019"]
[Site "?"]
[Date "2019.01.25"]
[Round "1.14"]
[White "Fiscato, Claudio"]
[Black "Gallo, Fausto"]
[Result "0-1"]
[WhiteElo "1642"]
[BlackElo "1529"]
[PlyCount "45"]
[EventDate "2019.??.??"]

1. e4 c5 2. Nf3 d6 3. d4 cxd4 4. Nxd4 Nf6 5. Nc3 a6 6. h3 g6 7. g4 Bg7 8. Bg2
O-O 9. Be3 Nc6 10. O-O Ne5 11. Qe2 Qc7 12. g5 Ne8 13. Nd5 Qc4 14. Nxe7+ Kh8 15.
c3 Qxe2 16. Nxe2 Nc4 17. Bc1 Nc7 18. Nxc8 Raxc8 19. Rb1 Ne6 20. e5 Bxe5 21.
Bxb7 Rb8 22. Be4 Na3 23. bxa3 0-1

[Event "C.P.A. Zevio 2019"]
[Site "?"]
[Date "2019.01.25"]
[Round "1.15"]
[White "Pompele, Andrea"]
[Black "Tencheni, Maurizio"]
[Result "1/2-1/2"]
[WhiteElo "1519"]
[BlackElo "1635"]
[PlyCount "75"]
[EventDate "2019.??.??"]

1. e4 b6 2. d4 Bb7 3. d5 Nf6 4. Bd3 d6 5. Nc3 g6 6. Nf3 Bg7 7. Bg5 h6 8. Bd2
Nbd7 9. O-O a6 10. Re1 Ng4 11. h3 Nge5 12. Nxe5 Nxe5 13. Bf1 b5 14. a3 Nc4 15.
Bxc4 bxc4 16. Qe2 c6 17. Qxc4 Rc8 18. Qb4 Qc7 19. Rac1 O-O 20. Na4 cxd5 21.
exd5 Rb8 22. Qb6 Qc4 23. Qa5 Qxd5 24. Qxd5 Bxd5 25. Rxe7 Bc6 26. b3 h5 27. Nc3
Rfc8 28. Na2 Bb2 29. Rce1 Bxa3 30. Ra7 Ra8 31. Ree7 Rxa7 32. Rxa7 Be4 33. Bb4
Bb2 34. Bxd6 Bxc2 35. Nb4 Bxb3 36. Rxa6 Bc4 37. Rb6 Ba3 38. Nd5 1/2-1/2

[Event "C.P.A. Zevio 2019"]
[Site "?"]
[Date "2019.01.25"]
[Round "1.16"]
[White "Fusa, Nicola"]
[Black "Trigili, Franco"]
[Result "1-0"]
[WhiteElo "1634"]
[BlackElo "1473"]
[PlyCount "123"]
[EventDate "2019.??.??"]

1. e4 Nc6 2. d4 d6 3. Bb5 Bd7 4. Nc3 e6 5. Nf3 Nf6 6. O-O Be7 7. Bg5 O-O 8. Qd2
Ne8 9. Bf4 f6 10. Bc4 Na5 11. Be2 g5 12. Be3 Nc6 13. a3 Ng7 14. b4 a6 15. Bc4
b5 16. Bb3 Kh8 17. Ne2 h6 18. d5 Ne5 19. Nfd4 Nc4 20. Bxc4 bxc4 21. Qc3 exd5
22. exd5 Nf5 23. Nxf5 Bxf5 24. Qxc4 Qb8 25. Nd4 Bd7 26. a4 f5 27. Bd2 Bf6 28.
Bc3 Qd8 29. Ne2 f4 30. Bxf6+ Rxf6 31. Qd4 Kh7 32. f3 Qe7 33. Nc3 Qe3+ 34. Qxe3
fxe3 35. Ne4 Rf7 36. Rfe1 g4 37. Rxe3 Bf5 38. Rae1 Kg6 39. c3 Raf8 40. c4 h5
41. a5 Bd7 42. fxg4 hxg4 43. Ng3 Rf4 44. Rf1 Kg5 45. Rxf4 Rxf4 46. Re7 Ba4 47.
Rxc7 Bb3 48. Rc6 Bxc4 49. Rxd6 Rd4 50. Rd8 Rxd5 51. Rxd5+ Bxd5 52. Kf2 Bc6 53.
Ne2 Kh4 54. Nd4 Bb7 55. b5 Kg5 56. bxa6 Bxa6 57. Ne6+ Kf5 58. Nc7 Bb7 59. a6
Be4 60. a7 Kf4 61. a8=Q Bxa8 62. Nxa8 1-0

[Event "C.P.A. Zevio 2019"]
[Site "?"]
[Date "2019.01.25"]
[Round "1.17"]
[White "Faccia, Augusto"]
[Black "Benedetti, Maurizio"]
[Result "1/2-1/2"]
[WhiteElo "1440"]
[BlackElo "1617"]
[PlyCount "106"]
[EventDate "2019.??.??"]

1. Nf3 c5 2. d3 d5 3. g3 Nc6 4. Bg2 Nf6 5. O-O e5 6. c3 Bd6 7. Bg5 h6 8. Bxf6
Qxf6 9. Nbd2 O-O 10. Qc2 Qe7 11. Rab1 Be6 12. Rfe1 Rac8 13. e4 dxe4 14. Nxe4
Bxa2 15. Ra1 Be6 16. Qd2 Bc7 17. Qe3 Bb6 18. Qe2 Rfd8 19. Ned2 Bf5 20. Nxe5
Nxe5 21. Qxe5 Qxe5 22. Rxe5 Rxd3 23. Nc4 Be6 24. Nxb6 axb6 25. Bxb7 Rcd8 26.
Re4 Bh3 27. Ree1 Rd2 28. Rab1 Bf5 29. Be4 Bxe4 30. Rxe4 Rd1+ 31. Rxd1 Rxd1+ 32.
Kg2 Rd2 33. b3 Rb2 34. b4 cxb4 35. cxb4 g5 36. h3 Kg7 37. Kf3 Kg6 38. g4 Rb3+
39. Kg2 Kf6 40. f3 b5 41. Kg3 Rc3 42. Kf2 Rc4 43. Rxc4 bxc4 44. b5 Ke5 45. Ke3
Kd5 46. b6 Kc6 47. Kd4 Kxb6 48. Kxc4 Kc6 49. Kd4 Kd6 50. Ke4 Ke6 51. f4 gxf4
52. Kxf4 Kf6 53. h4 Ke6 1/2-1/2

[Event "C.P.A. Zevio 2019"]
[Site "?"]
[Date "2019.01.25"]
[Round "1.18"]
[White "Biasiolo, Michele"]
[Black "Gasparini, Marco"]
[Result "1-0"]
[WhiteElo "1570"]
[BlackElo "1416"]
[PlyCount "113"]
[EventDate "2019.??.??"]

1. e4 e5 2. Nf3 Nc6 3. Bc4 Bc5 4. O-O Nf6 5. d3 h6 6. c3 d6 7. h3 a6 8. Bb3 b5
9. Be3 Bxe3 10. fxe3 Ne7 11. Nbd2 Bd7 12. Qe1 Ng6 13. Nh2 Qe7 14. Qg3 O-O-O 15.
a4 Kb7 16. axb5 axb5 17. Bc2 Nh5 18. Qf2 Rhf8 19. Nhf3 Ra8 20. b4 Rxa1 21. Rxa1
Ra8 22. Rxa8 Kxa8 23. Bb3 c6 24. Nf1 Be6 25. Qa2+ Kb7 26. c4 Nh4 27. Nxh4 Qxh4
28. cxb5 cxb5 29. Bxe6 fxe6 30. Qxe6 Qf6 31. Qd7+ Kb6 32. Qg4 Qf7 33. Qf5 Qxf5
34. exf5 Nf6 35. e4 d5 36. Ng3 Kc6 37. Kf2 Kd6 38. Ke3 d4+ 39. Kd2 Ke7 40. Ke1
Kf7 41. Kf2 Ke7 42. Ne2 h5 43. g3 Kf7 44. Nc1 g5 45. fxg6+ Kxg6 46. Nb3 Kg5 47.
Nc5 Ne8 48. Nd7 Nc7 49. Nxe5 Ne6 50. Nf7+ Kf6 51. Nd6 Nc7 52. Kf3 Ke5 53. Nf7+
Ke6 54. Nd8+ Kd7 55. Nb7 Na6 56. Nc5+ Kc6 57. Nxa6 1-0

[Event "C.P.A. Zevio 2019"]
[Site "?"]
[Date "2019.01.25"]
[Round "1.19"]
[White "Vujicic, Luigi"]
[Black "Gemma, Stefano"]
[Result "1-0"]
[WhiteElo "1326"]
[BlackElo "1566"]
[PlyCount "63"]
[EventDate "2019.??.??"]

1. e4 e5 2. Nf3 Nc6 3. Bb5 d6 4. d4 Bd7 5. c3 exd4 6. cxd4 a6 7. Ba4 Be7 8. Be3
Nf6 9. Nc3 O-O 10. O-O h6 11. h3 Qc8 12. Ne1 b5 13. Bc2 b4 14. Ne2 Na5 15. e5
Nd5 16. Qd3 g6 17. Bxh6 Bb5 18. Qg3 Kh7 19. Bxf8 Bxe2 20. Bxe7 Nxe7 21. Qh4+
Kg7 22. Qxe7 Nc4 23. Qf6+ Kg8 24. Nd3 Bxf1 25. Rxf1 dxe5 26. dxe5 Qe8 27. Re1
a5 28. e6 fxe6 29. Rxe6 Qf7 30. Qxg6+ Qxg6 31. Rxg6+ Kf7 32. Rc6 1-0

[Event "C.P.A. Zevio 2019"]
[Site "?"]
[Date "2019.01.25"]
[Round "1.20"]
[White "Leone, Cataldo"]
[Black "Venturini, Valter"]
[Result "1-0"]
[WhiteElo "1551"]
[BlackElo "1249"]
[PlyCount "104"]
[EventDate "2019.??.??"]

1. e4 c5 2. c3 e6 3. Nf3 Be7 4. d4 cxd4 5. cxd4 b6 6. Nc3 a6 7. Bd3 d6 8. O-O
Nd7 9. Re1 Bb7 10. Bf4 h6 11. Rc1 g5 12. Be3 Nf8 13. d5 e5 14. Qb3 b5 15. Re2
Ng6 16. a4 Nf4 17. Bxf4 gxf4 18. axb5 Rb8 19. Rec2 Bc8 20. Na4 Bd7 21. b6 Nf6
22. b7 O-O 23. Bxa6 Nxe4 24. Nb6 Nc5 25. Rxc5 dxc5 26. Nxd7 Qxd7 27. Nxe5 Qc7
28. Nc6 Bd6 29. Nxb8 Qxb8 30. f3 Qa7 31. Qc4 Rd8 32. Kf1 Bf8 33. Re1 Bd6 34.
Qb5 Kg7 35. Qc6 Qb8 36. Qc8 Be5 37. Rxe5 Rxc8 38. bxc8=Q Qxe5 39. Qxc5 Qxb2 40.
Be2 Qf6 41. d6 Qa1+ 42. Kf2 Qh1 43. Qe5+ Kg8 44. Qxf4 Qa1 45. Kg3 Qe1+ 46. Kh3
Qxe2 47. Qxh6 Qd3 48. Qg5+ Kf8 49. Qe7+ Kg8 50. d7 Qf5+ 51. Kg3 Qg6+ 52. Kf4
Qh6+ 1-0

[Event "C.P.A. Zevio 2019"]
[Site "?"]
[Date "2019.01.26"]
[Round "2.1"]
[White "De Santis, Alessio"]
[Black "Bertani, Gianfranco"]
[Result "0-1"]
[WhiteElo "2283"]
[BlackElo "1961"]
[PlyCount "119"]
[EventDate "2019.??.??"]

1. b3 f6 2. Bb2 Nh6 3. e4 Nf7 4. Nf3 e6 5. d4 d6 6. Nc3 Be7 7. Bd3 e5 8. h3 O-O
9. O-O c6 10. Re1 Nd7 11. a4 Re8 12. a5 Nf8 13. Bf1 Ng6 14. g3 Bd7 15. Bg2 Qc8
16. Kh2 Qc7 17. Qd3 Rad8 18. Qc4 Qb8 19. b4 Bf8 20. Qb3 Be6 21. d5 cxd5 22.
Nxd5 Kh8 23. c4 Ne7 24. Bc1 Nxd5 25. exd5 Bd7 26. Be3 g6 27. c5 Bh6 28. c6 bxc6
29. dxc6 Be6 30. Qa4 Bxe3 31. Rxe3 a6 32. Rc1 Qc7 33. Bf1 Bc8 34. Nd2 d5 35.
Rec3 e4 36. Qa1 Kg7 37. Bg2 h5 38. h4 Ne5 39. Kg1 Nd3 40. Rb1 Qa7 41. Rf1 Bg4
42. c7 Rd6 43. Nb3 d4 44. Rc4 e3 45. Nc5 exf2+ 46. Kh2 Re1 47. Nxd3 Rxa1 48.
Rxa1 Bc8 49. Rf1 Rd7 50. Rfc1 Re7 51. Nxf2 Re2 52. Nd3 g5 53. hxg5 fxg5 54.
R1c2 Re3 55. Rd2 g4 56. Nf4 h4 57. Nd3 Rxg3 58. Bd5 Re3 59. Nc5 Qxc7+ 60. Kh1
0-1

[Event "C.P.A. Zevio 2019"]
[Site "?"]
[Date "2019.01.26"]
[Round "2.2"]
[White "Faccia, Sergio"]
[Black "Luciani, Valerio"]
[Result "0-1"]
[WhiteElo "1977"]
[BlackElo "2165"]
[PlyCount "80"]
[EventDate "2019.??.??"]

1. e4 e6 2. c4 d5 3. exd5 exd5 4. cxd5 Nf6 5. Nc3 Nbd7 6. Nf3 Nb6 7. d4 Nbxd5
8. Bc4 Be7 9. Bg5 O-O 10. O-O c6 11. Re1 Bg4 12. h3 Bh5 13. g4 Bg6 14. Ne5 h6
15. Nxg6 fxg6 16. Bxd5+ cxd5 17. Bh4 g5 18. Bg3 Bb4 19. Qb3 Bxc3 20. bxc3 Qd7
21. Re5 b6 22. Rae1 Rfe8 23. Rxe8+ Rxe8 24. Rxe8+ Qxe8 25. Be5 Qc6 26. Qa3 Qd7
27. Qa6 Ne4 28. c4 Qf7 29. f4 dxc4 30. Qc8+ Kh7 31. f5 Nc3 32. Qe6 Qxe6 33.
fxe6 Nd5 34. Kf2 b5 35. Ke2 Kg8 36. Bd6 Nf4+ 37. Ke3 Nxe6 38. d5 Nf4 39. Kd4
Kf7 40. Bb4 a6 0-1

[Event "C.P.A. Zevio 2019"]
[Site "?"]
[Date "2019.01.26"]
[Round "2.3"]
[White "Vincenzi, Marco"]
[Black "Bortolazzi, Michele"]
[Result "1-0"]
[WhiteElo "2069"]
[BlackElo "1921"]
[PlyCount "109"]
[EventDate "2019.??.??"]

1. d4 Nf6 2. c4 e6 3. Nf3 b6 4. a3 Bb7 5. Nc3 Be7 6. d5 O-O 7. g3 d6 8. Nd4 e5
9. Nf5 Bc8 10. Qc2 Bxf5 11. Qxf5 Nbd7 12. Bg2 g6 13. Qc2 Ne8 14. Bh6 Ng7 15. e4
a5 16. O-O Bg5 17. Bxg7 Kxg7 18. Bh3 Re8 19. b4 Qe7 20. Nb5 Nf8 21. Rfd1 h5 22.
Rab1 h4 23. Qc3 hxg3 24. hxg3 Nh7 25. c5 Nf6 26. cxd6 cxd6 27. Qd3 Rh8 28. Kg2
a4 29. Rh1 Rh7 30. Rb2 Rah8 31. Rc2 Ne8 32. Rc6 f5 33. exf5 e4 34. Qd4+ Bf6 35.
Qxb6 gxf5 36. Nd4 Bxd4 37. Qxd4+ Nf6 38. b5 Qf7 39. b6 Qh5 40. Qc3 Qf3+ 41.
Qxf3 exf3+ 42. Kxf3 Rxh3 43. Rxh3 Rxh3 44. b7 Rh8 45. Rc8 Nd7 46. Rc7 Kf6 47.
Rxd7 Ke5 48. Rc7 Rb8 49. Ke3 f4+ 50. gxf4+ Kxd5 51. Kd3 Ke6 52. Kd4 d5 53. Kc5
d4 54. Kc6 d3 55. Rd7 1-0

[Event "C.P.A. Zevio 2019"]
[Site "?"]
[Date "2019.01.26"]
[Round "2.4"]
[White "Malni, Riccardo"]
[Black "Fratton, Zeno"]
[Result "1/2-1/2"]
[WhiteElo "1957"]
[BlackElo "2052"]
[PlyCount "92"]
[EventDate "2019.??.??"]

1. Nf3 Nf6 2. g3 c5 3. Bg2 g6 4. O-O Bg7 5. d3 d5 6. Nbd2 O-O 7. e4 Nc6 8. c3
d4 9. cxd4 cxd4 10. a4 b6 11. Nc4 Ba6 12. b3 Rc8 13. Bh3 Nd7 14. Bb2 Rc7 15.
Ne1 Nc5 16. f4 Na5 17. Nxa5 bxa5 18. Ba3 Qb8 19. Rc1 Qb6 20. Rf2 e6 21. Rfc2
Rfc8 22. Bxc5 Rxc5 23. Rxc5 Rxc5 24. Rxc5 Qxc5 25. Bf1 Qc3 26. Kf2 e5 27. fxe5
Bxe5 28. Qc2 Qxc2+ 29. Nxc2 Bc8 30. Na3 Be6 31. Nc4 Bc7 32. Be2 f6 33. Bd1 Kf7
34. Kg2 Ke7 35. Kf2 Kd7 36. Ke2 Kc6 37. Kd2 h5 38. Kc2 Kc5 39. Nd2 h4 40. gxh4
Bxh2 41. h5 gxh5 42. Bxh5 Bf4 43. Nc4 Kb4 44. Be8 Bh6 45. Bc6 Bg5 46. Be8 Bf4
1/2-1/2

[Event "C.P.A. Zevio 2019"]
[Site "?"]
[Date "2019.01.26"]
[Round "2.5"]
[White "Zanchetta, Nicola"]
[Black "Passon, Stefano"]
[Result "1-0"]
[WhiteElo "2018"]
[BlackElo "1738"]
[PlyCount "75"]

1. d4 d5 2. Nc3 Nf6 3. Bg5 Nbd7 4. f3 c6 5. Qd2 e5 6. e3 Bb4 7. O-O-O O-O 8.
dxe5 Nxe5 9. Qd4 Bd6 10. h3 Ng6 11. Bxf6 gxf6 12. Kb1 Be5 13. Qd2 Qa5 14. Nge2
b5 15. f4 b4 16. Nxd5 Bxb2 17. Qxb4 Qxb4 18. Nxb4 Ba3 19. Nxc6 Bb7 20. Na5 Rab8
21. Nb3 a5 22. Rd4 Bc6 23. Nc3 Bb4 24. Rc4 Rfc8 25. Nb5 Ne7 26. Na7 Rc7 27.
Nxc6 Nxc6 28. a4 Rb6 29. Bd3 Bd2 30. Be4 Bxe3 31. Re1 Bxf4 32. Bxc6 Be5 33.
Rg4+ Kf8 34. Bb5 Rc8 35. Rge4 Rc3 36. R1e3 Rd6 37. Rxe5 Rxb3+ 38. cxb3 1-0

[Event "C.P.A. Zevio 2019"]
[Site "?"]
[Date "2019.01.26"]
[Round "2.6"]
[White "Mattavelli, Italo"]
[Black "Marin, Alessandro"]
[Result "0-1"]
[WhiteElo "1705"]
[BlackElo "1978"]
[PlyCount "60"]
[EventDate "2019.??.??"]

1. e4 c5 2. c3 d5 3. exd5 Qxd5 4. d4 Nf6 5. Nf3 Bg4 6. Be2 e6 7. h3 Bh5 8. c4
Qd8 9. Be3 cxd4 10. Bxd4 Nc6 11. Qa4 Rc8 12. Bc3 Be7 13. g4 Bg6 14. Ne5 O-O 15.
Nxg6 fxg6 16. Nd2 Nd7 17. O-O Bc5 18. Ne4 Nd4 19. Bxd4 Bxd4 20. Rad1 e5 21. b4
Rf4 22. Qc2 Qh4 23. Kg2 Rcf8 24. f3 Nf6 25. Bd3 Ne8 26. c5 Nc7 27. Nd6 Kh8 28.
Be4 Ne6 29. Nxb7 Ng5 30. Rh1 Nxe4 0-1